000 01261cam a2200289 a 4500
001 634842
005 20210414113922.0
008 930810s1994 dcua b 101 0 eng
010 _a 93023358
020 _a0821325892
040 _aDLC
_cDLC
_dDLC
050 0 0 _aHD3842.D63
082 0 0 _a338.9
_220
245 0 0 _aDoes privatization deliver? highlights from a World Bank conference /
_cedited by Ahmed Galal, Mary Shirley.
260 _aWashington, D.C. :
_bWorld Bank,
_cc1994.
300 _axi, 127 p.
_bill.
_c24 cm.
440 0 _aEDI development studies
504 _aIncludes bibliographical references.
505 _aContents: Overview -- A Changing course toward privatization -- Privatization: Lessons from New Zealand -- Questions and approaches to answers -- The United Kingdom -- Chile -- Mexico -- Malaysia -- Winners and losers in privatization -- Policy implications -- The Jigsaw puzzle.
650 0 _aPrivatization
_xCongresses.
700 1 _aGalal, Ahmed,
_d1948-
700 1 _aShirley, Mary M.,
_d1945-
710 2 _aWorld Bank.
906 _a7
_bcbc
_corignew
_d1
_eocip
_f19
_gy-gencatlg
942 _2lcc
_cBK
999 _c665
_d8165